011830000a220012100045001000022000002450106000223000041001285200719001697730058008889420008009469520090009549990017010441 aAlmada, Samuel E.10aLa profecía de Ezequiel : Señales de esperanza para exiliados. Oráculos, visiones y estructuras aNum. 35-36 (2000), Páginas 103-121 aLa propuesta del presente trabajo es brindar un panorama del conjunto del libro de Ezequiel, partiendo del contexto de exilio y la situación socio-política de los deportados. Se remarcan aspectos particulares y relevantes como el perfil del profeta, características lingüísticas, elementos de forma y contenido del material oracular y de las visiones, que en este caso están cuidadosamente elaboradas y desarrolladas. Asimismo se presta especial atención a la configuración de estructuras que constituyen una forma de articulación del mensaje-proyecto que se está proponiendo, para recrear la esperanza de salvación y restauración de la comunidad, en medio de una situación de adversidad.0 tRevista de Interpretación Bíblica Latinoamericana cANA 001040708HEMaFUSBCbFUSBCd2016-01-26l0o r2016-01-26 00:00:00w2016-01-26yANA c52530d52530